Normal view
MARC view
Entry Personal Name
001 - CONTROL NUMBER
- control field: 12017
003 - CONTROL NUMBER IDENTIFIER
- control field: OSt
005 - DATE AND TIME OF LATEST TRANSACTION
- control field: 20191009060829.0
008 - FIXED-LENGTH DATA ELEMENTS
- fixed length control field: 191009|| aca||aabn | a|a d
040 ## - CATALOGING SOURCE
- Original cataloging agency: OSt
- Transcribing agency: OSt
100 ## - HEADING--PERSONAL NAME
- Personal name: Merritt, Cullen C.
670 ## - SOURCE DATA FOUND
- Source citation: Work cat.: (OSt): Merritt, Cullen C., What makes an organization public?: Managers' perceptions in the mental health ans substance abuse treatment system
